000 00345nam a2200145Ia 4500
008 100122s9999 xx 000 0 und d
082 _b26066
_a50
100 _aलेखक शोधणे
245 _aमोहर 1977
260 _c1977
300 _a200
630 _aमोहर 1977
730 _aमोहर 1977
942 _cBOOK
999 _c412630
_d412627